000
00310nam a22001337a 4500
999
_c
54895
_d
54895
008
190621b ||||| |||| 00| 0 eng d
020
_a
9789951643078
041
_a
alb
080
_2
341
_a
341
100
_a
0
101
_a
SHJ
245
_a
E Drejta Administrative
_c
Berisha, F & Zejneli, J
942
_2
udc
_c
BK